Trudy Taškentskogo gosudarstvennogo universiteta im. V. I. Lenina : archeologija Srednej Azii V.
Uložené v:
| Médium: | Kniha |
|---|---|
| Jazyk: | Russian |
| Vydané: |
Taškent :
Taškentskij gosudarstvennyj universitet,
1960.
|
| Vydanie: | 1. izd. |
| Edícia: | Novaja serija
vyp. 172 Istoričeskije nauki kniga 37 |
| ISBN: |
(brož.) |
| Fyzický popis: |
208 s. |
| Tagy: |
Pridať tag
Žiadne tagy, Buďte prvý kto otaguje tento záznam!
|
Titul je dostupný aj v ... 

MARC
| LEADER | 00000nam a22000004a 4500 | ||
|---|---|---|---|
| 001 | 000466310 | ||
| 005 | 20150426091045.0 | ||
| 008 | 150426s1960 uz e 000 0 rus d | ||
| 020 | |a (brož.) |c Kčs 7,00 | ||
| 040 | |a SVKKK |b slo |c SVKKK |e AACR2 | ||
| 041 | 0 | |a rus | |
| 044 | |a uz |c UZ | ||
| 245 | 0 | 0 | |a Trudy Taškentskogo gosudarstvennogo universiteta im. V. I. Lenina : |b archeologija Srednej Azii |n V. |
| 250 | |a 1. izd. | ||
| 260 | |a Taškent : |b Taškentskij gosudarstvennyj universitet, |c 1960. | ||
| 300 | |a 208 s. | ||
| 490 | 1 | |a Novaja serija |v vyp. 172 | |
| 490 | 1 | |a Istoričeskije nauki |v kniga 37 | |
| 830 | 0 | |a Novaja serija |v vyp. 172 | |
| 830 | 0 | |a Istoričeskije nauki |v kniga 37 | |
| 910 | |a svkkk | ||
| 998 | |a BK | ||
| 090 | |g SCKHL |k Sklad Pribinova 1. posch. |a IV.28114 |j 275147 |i 466310-10 |s Prezenčne | ||